000 01446cam a22001934a 4500
999 _c2618
_d2618
020 _a0072458720
050 0 0 _aT58.6
_b.H18 2002
100 1 _aHaag, Stephen.
245 1 0 _aManagement information systems for the information age /
_cStephen Haag, Maeve Cummings, Donald J. McCubbrey.
250 _a3rd ed.
260 _aBoston :
_bMcGraw-Hill Irwin,
_cc2002.
300 _axxiii, 440 p. :
_bcol. ill. ;
_c29 cm.
505 _aCHAPTER 1.The information age in which you live: changing the face of business . Extended learning: Module A CHAPTER 2.Strategic and competitive opportunities: using IT for competitive advantage CHAPTER 3.Databases and data wareshouses: a gold mine of information Extended learning: Module B CHAPTER 4.Decision support and artificial intelligence: brainpower for your business Extended learning: Module C CHAPTER 5.Electronic commerce: the end of the beginning CHAPTER 6.Emerging technologies: innovations for tomorrow CHAPTER 7.Developing IT systems: bringing IT systems to life CHAPTER 8.Protecting information and people: threats and safeguards CHAPTER 9.Preparing for the future: it's your world REAL HOT GROUP PROJECTS: Extended learning: Module D -- Extended learning: Module E -- Extended learning: Module F -- Glossary.
650 0 _aManagement information systems.
650 0 _aInformation technology.
700 1 _aCummings, Maeve.
700 1 _aMcCubbrey, Donald J.
942 _cBK